LEADER 00997nam0-2200337---450- 001 990008797980403321 005 20090123154016.0 010 $a88-481-0958-6 035 $a000879798 035 $aFED01000879798 035 $a(Aleph)000879798FED01 035 $a000879798 100 $a20090123d2000----km-y0itay50------ba 101 0 $aita 102 $aIT 105 $aa-------001yy 200 1 $a<>medicina d'Oriente$eagopuntura, digitopressione, micromassaggio, do in, auricolopuntura, riflessoterapia plantare e palmare$fBruno Brigo 210 $aMilano$cTecniche nuove$d2000 215 $aXII, 379 p.$cill.$d25 cm$e1 regolo 225 1 $aMedicina naturale 610 0 $aMedicina orientale 610 0 $aAgopuntura 676 $a610.95$v21 700 1$aBrigo,$bBruno$0312349 801 0$aIT$bUNINA$gRICA$2UNIMARC 901 $aBK 912 $a990008797980403321 952 $a90 S 3a 5$b2077$fFMEBC 959 $aFMEBC 996 $aMedicina d'Oriente$9808664 997 $aUNINA LEADER 00841nam0-22003011i-450- 001 990006797040403321 005 20001010 035 $a000679704 035 $aFED01000679704 035 $a(Aleph)000679704FED01 035 $a000679704 100 $a20001010d--------km-y0itay50------ba 101 0 $aita 105 $ay-------001yy 200 1 $aMauritania$fCompilers Simonetta Calderini, Delia Cortese, James L.A. Webb Jr 210 $aOxford$cClio Press$dc 1992. 215 $aXVIII, 166 p.$d21 cm 225 1 $aWorld bibliographical series$v141 676 $a016.9661 700 1$aCalderini,$bSimonetta$0251790 801 0$aIT$bUNINA$gRICA$2UNIMARC 901 $aBK 912 $a990006797040403321 952 $aCOLLEZ. 801 (141)$b23793$fFSPBC 959 $aFSPBC 996 $aMauritania$9635680 997 $aUNINA DB $aGEN01 LEADER 02890nam 2200493 450 001 9910155157503321 005 20230810001455.0 035 $a(CKB)3710000000966010 035 $a(MiAaPQ)EBC4756363 035 $a(WSP)000Q0043 035 $a(EXLCZ)993710000000966010 100 $a20161222h20172017 uy 0 101 0 $aeng 135 $aurcnu|||||||| 181 $2rdacontent 182 $2rdamedia 183 $2rdacarrier 200 10$aMulti-objective design of antennas using surrogate models /$fSlawomir Koziel, Adrian Bekasiewicz 210 1$aNew Jersey :$cWorld Scientific,$d2017. 210 4$dİ2017 215 $a1 online resource (361 pages) 300 $aTitle from PDF file title page (viewed November 17, 2016). 311 $a1-78634-147-6 311 $a1-78634-148-4 320 $aIncludes bibliographical references and index. 330 $a"This book addresses computationally-efficient multi-objective optimization of antenna structures using variable-fidelity electromagnetic simulations, surrogate modeling techniques, and design space reduction methods. Based on contemporary research, it formulates multi-objective design tasks, highlights related challenges in the context of antenna design, and discusses solution approaches. Specific focus is on providing methodologies for handling computationally expensive simulation models of antenna structures in the sense of their multi-objective optimization. Also given is a summary of recent developments in antenna design optimization using variable-fidelity simulation models. Numerous examples of real-world antenna design problems are provided along with discussions and recommendations for the readers interested in applying the considered methods in their design work. Written with researchers and students in mind, topics covered can also be applied across a broad spectrum of aeronautical, mechanical, electrical, biomedical and civil engineering. It is of particular interest to those dealing with optimization, computationally expensive design tasks and simulation-driven design."--Publisher's website. 606 $aAntennas (Electronics)$xSimulation methods 606 $aAntennas (Electronics)$xMathematical models 606 $aAntennas (Electronics)$xDesign and construction 606 $aMultiple criteria decision making 615 0$aAntennas (Electronics)$xSimulation methods. 615 0$aAntennas (Electronics)$xMathematical models. 615 0$aAntennas (Electronics)$xDesign and construction. 615 0$aMultiple criteria decision making. 676 $a621.382/4 700 $aKoziel$b Slawomir$0721636 702 $aBekasiewicz$b Adrian 801 0$bMiAaPQ 801 1$bMiAaPQ 801 2$bMiAaPQ 906 $aBOOK 912 $a9910155157503321 996 $aMulti-objective design of antennas using surrogate models$92586736 997 $aUNINA